| 000 | 01010nam a2200205 i 4500 | ||
|---|---|---|---|
| 003 | CO-ViMGA | ||
| 005 | 20230915224422.0 | ||
| 008 | 201103s2019 ck ||||| l|||f00| 0 spa d | ||
| 040 |
_aCO-ViMGA _bspa _cCO-ViMGA |
||
| 043 | _as-ck--- | ||
| 082 | 0 | 4 |
_a348.024 _bC64n _222 |
| 110 | 1 | 2 |
_aColombia _bJurisdiccion Especial para la Paz _9152651 |
| 245 | 1 | 0 |
_aNormas basicas de la JEP _blos actos legislativos, las leyes y los decretos ley mas importantes sobre la Jurisdiccion Especial para la Paz _cJurisdiccion Especial para la Paz |
| 300 |
_a414 paginas _b24 cm |
||
| 505 | 0 | 0 |
_tActos legislativos 01 y 02 de 2017 _tLey 1957. Estatutaria de la administracion de justicia _tLey 1820 .Amnistia e indulto _tLey 1922 .Normas de procedimiento _tDecretos Ley 277, 706 ,775, 900, 903 de 2017 |
| 610 | 1 | 1 |
_aColombia _bJurisdiccion Especial para la Paz _xLegislacion _9152837 |
| 650 | 1 | 7 |
_2LEMB _aAcuerdos de paz _xLegislacion _zColombia _9152662 |
| 650 | 1 | 7 |
_2LEMB _aProcesos de paz _xLegislacion _zColombia _9152661 |
| 942 |
_2ddc _cBK |
||
| 999 |
_c11918 _d11918 |
||